00255nam a2200097Ia 4500008004100000041000800041082001800049100002300067245005800090260000900148240625s9999 xx 000 0 und d aeng a332.60285 MCD aMCDONNELL PHILIP J aOPTIMAL PORTFOLIO MODELING MODELS TO MAXIMIZE RETURN  c2008